Statistics for Members of Berry Good (Kpop)

Click here to take the quiz!

General Stats

  • This quiz has been taken 9 times
  • The average score is 8 of 9

Answer Stats

Answer% Correct
Taeha
100%
DaYe
89%
Gowoon
89%
Johyun
89%
Nayeon
89%
SeHyung
89%
Seoyul
89%
Subin
89%
Iera
78%

Score Distribution

Percentile by Number Answered

Percent of People with Each Score

Your Score History

You have not taken this quiz